| 000 | 00688cam a2200241 a 4500 | ||
|---|---|---|---|
| 001 | 460179 | ||
| 005 | 20171221033022.0 | ||
| 008 | 830114s1983 caua b 001 0 eng | ||
| 010 | _a 83000388 | ||
| 020 | _a0871563401 (pbk.) | ||
| 020 | _a087156341X | ||
| 040 |
_aDLC _cDLC _dDLC |
||
| 041 | _aeng | ||
| 080 | _a599.5 LEA | ||
| 082 | 0 | 0 |
_a599.5 LEA _219 |
| 100 | 1 | _a7 | |
| 101 | _aZOO | ||
| 245 | 1 | 4 |
_aThe Sierra Club handbook of whales and dolphins / _cStephen Leatherwood and Randall R. Reeves ; paintings by Larry Foster. |
| 504 | _aBibliography: p. 296-299. | ||
| 740 | 0 | _aWhales and dolphins. | |
| 906 |
_a7 _bcbc _corignew _d1 _eocip _f19 _gy-gencatlg |
||
| 942 |
_2ddc _cBK |
||
| 999 |
_c39252 _d39252 |
||